Acta ciencia Indica.Mathematics. (Record no. 26217)

MARC details
000 -LEADER
fixed length control field 01636nam a22004457a 4500
001 - CONTROL NUMBER
control field 11290115
005 - DATE AND TIME OF LATEST TRANSACTION
control field 20090122144654.0
008 - FIXED-LENGTH DATA ELEMENTS--GENERAL INFORMATION
fixed length control field 800619c19799999ii qr0p| 00| 0 eng d
010 ## - LIBRARY OF CONGRESS CONTROL NUMBER
LC control number 84649094
Canceled/invalid LC control number sn 82020885
022 ## - INTERNATIONAL STANDARD SERIAL NUMBER
International Standard Serial Number 0970-0455
030 ## - CODEN DESIGNATION
CODEN ACICDV
035 ## - SYSTEM CONTROL NUMBER
System control number (OCoLC)ocm06438542
037 ## - SOURCE OF ACQUISITION
Source of stock number/acquisition P.O. Box 62, 250001
040 ## - CATALOGING SOURCE
Original cataloging agency AzU
Transcribing agency AzU
Modifying agency NST
-- NSDP
-- OCoLC
-- NST
-- DLC
-- AIP
-- DLC
-- MiU
-- OCoLC
042 ## - AUTHENTICATION CODE
Authentication code lc
-- nsdp
050 ## - LIBRARY OF CONGRESS CALL NUMBER
Classification number QD1
Item number .A3293
082 ## - DEWEY DECIMAL CLASSIFICATION NUMBER
Classification number 510/.5
Edition number 19
210 ## - ABBREVIATED TITLE
Abbreviated title Acta cienc. indica, Chem.
222 ## - KEY TITLE
Key title Acta ciencia indica. Chemistry
245 ## - TITLE STATEMENT
Title Acta ciencia Indica.Mathematics.
246 ## - VARYING FORM OF TITLE
Title proper/short title Chemistry
260 ## - PUBLICATION, DISTRIBUTION, ETC. (IMPRINT)
Place of publication, distribution, etc Meerut :
Name of publisher, distributor, etc Pragati Prakashan,
Date of publication, distribution, etc 1979-
300 ## - PHYSICAL DESCRIPTION
Extent v. ;
Dimensions 25 cm.
310 ## - CURRENT PUBLICATION FREQUENCY
Current publication frequency Four no. a year
362 ## - DATES OF PUBLICATION AND/OR SEQUENTIAL DESIGNATION
Dates of publication and/or sequential designation V. 5, no. 1 (1979)-
510 ## - CITATION/REFERENCES NOTE
Name of source Chemical abstracts
International Standard Serial Number 0009-2258
515 ## - NUMBERING PECULIARITIES NOTE
Numbering peculiarities note Issued in combined form: vol. 5, no. 1-4, 1979-
546 ## - LANGUAGE NOTE
Language note In English.
550 ## - ISSUING BODY NOTE
Issuing body note Published for the Society for the Progress of Science.
590 ## - LOCAL NOTE (RLIN)
Local note SERBIB/SERLOC merged record
650 ## - SUBJECT ADDED ENTRY--TOPICAL TERM
Topical term or geographic name as entry element Chemistry
Form subdivision Periodicals.
710 ## - ADDED ENTRY--CORPORATE NAME
Corporate name or jurisdiction name as entry element Society for the Progress of Science (India)
780 ## - PRECEDING ENTRY
Title Acta ciencia Indica
International Standard Serial Number 0379-5411
Record control number (DLC) 76913020
-- (OCoLC)2414141
270 ## - ADDRESS
Address 240, WK Road, Meerut
Telephone number 0121-2640642
Fax number 0121-2640642
906 ## - LOCAL DATA ELEMENT F, LDF (RLIN)
a 7
b cbc
c serials
d 3
e ncip
f 19
g n-oclcserc
936 ## - OCLC/CONSER MISCELLANEOUS DATA (OCLC); PIECE USED FOR CATALOGING (pre-AACR2) (RLIN)
OCLC control number(s) of parallel record(s) (OCLC); Piece used for cataloging, PUC (RLIN) Unknown
-- vol. 5, no. 1 (surrogate)
942 ## - ADDED ENTRY ELEMENTS (KOHA)
Source of classification or shelving scheme Dewey Decimal Classification
Item type Periodicals
Classification part 510.5
Call number suffix ACT
Serial record 1
Holdings
Withdrawn status Lost status Source of classification or shelving scheme Damaged status Not for loan Collection code Home library Current library Date acquired Total Checkouts Full call number Date last seen Price effective from Koha item type
    Dewey Decimal Classification   Not For Loan Non-fiction D.B.Act.Division D.B.Act.Division 11/05/2009   510.5 ACT 11/05/2009 11/05/2009 Periodicals

© Delhi Public Library
Hit Counter
free hit counter